000 00909nam a2200277 4500
001 113337
003 DR-UNIBE
005 20251016062601.0
008 250314b2013 sp ||||| |||| 00| 0 spa d
020 _a9788415689928
040 _aBIBLIOTECA UNIBE
_cBIBLIOTECA UNIBE
_erda
041 _aspa
_hIta
082 _a854 O65u
100 _aOrdine, Nuccio,
_d1958-2023
_eautor
_9174018
245 1 3 _aLa utilidad de inútil :
_bmanifiesto : con un ensayo de Abraham Flexner /
_cNuccio Ordine ; Abraham Flexner
260 _aBarcelona :
_bAcantilado,
_c2013
300 _a171 páginas
490 _aEl Acantilado ;
_v36
500 _aTítulo original: L´utilità dell´ inutile
650 7 _aEnsayos
_2lemb
650 7 _aEnseñanza superior
_2lemb
_9141024
650 7 _aLiteratura
_2lemb
700 _aFlexner, Abraham
_eautor
_9193095
700 _aBayod, Jordi
_etraductor
_9193094
942 _2ddc
_cBK
999 _c113337
_d113337